000 00788nam a2200217Ii 4500
003 JO-AjNU
008 230605s9999||||xx |||||||||||||| ||und||
040 _aJO-AjNU
_bara
_erda
_cJO-AjNU
041 _aara
050 1 4 _aPJ7802.B35.A15 1987
100 3 _aتأليف وشعر وسيناريو العبادي،أحمد عويدي,
_eauthor
_919973
245 0 0 _aمن الشعر الشعبي الأردني: قصص شعرية غنائية
250 _aط1
264 3 1 _aعمان:دار الفكر،1987
300 _a261ص
336 _atext
_btxt
_2rdacontent
337 _aunmediated
_bn
_2rdamedia
338 _avolume
_bnc
_2rdacarrier
490 0 _aسلسلة:من هم البدو؟ 13
650 4 _a الشعر الشعبي - الأردن - قصص شعرية غنائية
_919974
999 _aA6688
_c10256
_d10256